| 000 | 00482nmm a2200169Ia 4500 | ||
|---|---|---|---|
| 008 | 251105s9999||||xx |||||||||||||||||und|| | ||
| 020 | _a9788431542139 | ||
| 041 | _aspa | ||
| 100 | _aRognoni, Patrizia | ||
| 245 | 0 | _aReparaciones y mantenimiento de la casa | |
| 264 |
_a[Madrid, España] : _bDe Vecchi, _c2010 |
||
| 300 | _a64 páginas | ||
| 490 | _aMantener la casa a coste cero | ||
| 650 | _aFamily | ||
| 856 | _uhttps://public.digitaliapublishing.com/a/39743 | ||
| 942 | _cCF | ||
| 999 |
_c81616 _d81616 |
||